000 00337nam a2200109Ia 4500
008 171211s9999 xx 000 0 und d
245 _aContemporary Musicians: Profiles of the People in Music
245 _cJulia Rubiner
260 _c1993
650 _xEncyclopedia and Dictionary
856 _uhttp://down.ebook777.com/055/081032217X.pdf
999 _c350206
_d350206